000 00885nam a2200229 a 4500
001 000038702
005 20210602221645.0
008 130418s1977 dr 000 0 spa d
040 _aDO-SdBNP
_bspa
_cBNPHU
082 _a304.8097293
_bB844m
100 1 _aBretón, Minerva
_965012
245 1 3 _aLa migración interna en la República Dominicana /
_cMinerva Bretón, Nelson Ramírez, Pablo Tactux.
260 _aSanto Domingo :
_bFondo para el Avance de las Ciencias Sociales,
_bConsejo Nacional de Población y Familia,
_c1977.
300 _a311 ;
_c24 cm.
500 _aIncluye notas al pie de las páginas
590 _aInventariado, 2018/VM
650 4 _aMigración interna
_zRepública Dominicana
_953304
651 4 _aRepública Dominicana
_xPoblación
_91423
700 1 2 _aRamírez, Nelson
_97129
700 1 2 _aTactux, Pablo
_965013
910 _aValidado. Control de calidad MFF
999 _c38192
_d38192